| 000 | 00724nam a2200217 a 4500 | ||
|---|---|---|---|
| 001 | BRL_1693 | ||
| 005 | 20190320211327.0 | ||
| 008 | 300414s2009----mx-a######---#000-0#spa-# | ||
| 041 | _aspa | ||
| 044 | _amx | ||
| 050 | 4 |
_aNK844 _b.G89 2009 |
|
| 100 | 1 |
_aGuzmán Contreras, Alejandro _927646 |
|
| 245 | 1 | 0 |
_aLas lacas _cAlejandro Guzmán Contreras ; revisión y actualización Marco Buenrostro. |
| 260 |
_aMéxico _bFONART Fondo Nacional para el Fomento de las Artesanías _c2009 |
||
| 300 |
_a35 p. _bil. _c21 cm. |
||
| 440 | 0 |
_aArtesanías tradicionales. Apuntes monográficos _927490 |
|
| 650 | 1 | 4 |
_aLacas _zMéxico _927647 |
| 650 | 1 | 4 |
_aArtesanías _zMéxico _93976 |
| 700 | 1 |
_aBuenrostro, Marco _911025 |
|
| 942 |
_2lcc _cB |
||
| 999 |
_c10501 _d10501 |
||